000 00842nab a2200253 u 4500
001 14792
003 HDC
007 cr bn ---aaaaa
008 210215c mydr|nes 0 a may d
040 _aHDC
100 _aNur Hanani Azman
_eauthor
_97735
245 0 _aUsahawan perlu berani ambil risiko ceburi francais /
_cby Nur Hanani Azman
260 _aMalaysia:
_bUtusan Malaysia,
_c2015
336 _atext
_2rdacontent
337 _acomputer
_2rdamedia
338 _aonline resource
_2rdacarrier
650 _aentrepreneur
_91863
650 _arisk management
_93316
710 _aUtusan Malaysia
856 _zRequest full-text at [email protected]
942 _2lcc
942 _cNEWS
942 _kNSWC 004701
999 _c12108
_d12108